Fr. Conceicao Rodrigues College of Engineering

Discrete-Time signal processing (Record no. 23402)

MARC details
000 -LEADER
fixed length control field 00320nam a2200133Ia 4500
100 ## - MAIN ENTRY--PERSONAL NAME
Personal name Oppenheim/ A.V./ Schafer/ R.
245 ## - TITLE STATEMENT
Title Discrete-Time signal processing
260 ## - PUBLICATION, DISTRIBUTION, ETC.
Name of publisher, distributor, etc. Prentice Hall of India
Place of publication, distribution, etc. New Delhi
Date of publication, distribution, etc. 1992
300 ## - PHYSICAL DESCRIPTION
Extent 879
546 ## - LANGUAGE NOTE
Language note ENGLISH
654 ## - SUBJECT ADDED ENTRY--FACETED TOPICAL TERMS
Focus term signal processing
942 ## - ADDED ENTRY ELEMENTS (KOHA)
Koha item type BOOK
Holdings
Withdrawn status Lost status Damaged status Not for loan Collection Home library Current library Date acquired Source of acquisition Cost, normal purchase price Inventory number Total Checkouts Full call number Barcode Date last seen Cost, replacement price Price effective from Koha item type
        CRC Fr. Agnel's C.Rodrigues College of Engineering Fr. Agnel's C.Rodrigues College of Engineering 17/03/2023 Progressive Books 150.00 2059 dt 21.09.92   3852 17/03/2023 150.00 21/09/1992 BOOK
        CRC Fr. Agnel's C.Rodrigues College of Engineering Fr. Agnel's C.Rodrigues College of Engineering 17/03/2023 Progressive Books 150.00 2059 dt 21.09.92   3853 17/03/2023 150.00 21/09/1992 BOOK